| 000 | 00899cam a22002531 4500 | ||
|---|---|---|---|
| 001 | 28922 | ||
| 003 | BD-RjUL | ||
| 005 | 20211209051341.0 | ||
| 008 | 160817s1985 bg 000 0 eng ben | ||
| 020 | _c: TK 15.00 | ||
| 035 | _a(BD-RjUL)29006 | ||
| 035 | _a(OCoLC)304639 | ||
| 040 |
_aDLC _cOUrC _dOCoLC _dOKentU _dOCoLC _dBD-RjUL _beng |
||
| 041 | _aeng | ||
| 082 |
_223 _a891.44209 _bCHA 1985 |
||
| 100 |
_aচৌধুরী, কবির _9146378 |
||
| 245 | 1 | 0 |
_aএ্যাবসার্ড নাটক / _cকবির চৌধুরী |
| 260 |
_aঢাকা : _bবাংলা একাডেমী, _c১৯৮৫ |
||
| 300 |
_a৯৪ পৃ. ; _c১৯ সেমি. |
||
| 650 | 0 |
_aবাংলা নাটক _988403 _xইতিহাস ও সমালোচনা |
|
| 650 | 0 |
_aBengali Drama _xHistory & Criticism _9127231 |
|
| 942 |
_2ddc _cBK |
||
| 999 |
_c28922 _d28922 |
||